| 000 | 00548nam a2200193Ia 4500 | ||
|---|---|---|---|
| 003 | GCL | ||
| 008 | 140319s9999 xx 000 0 eng d | ||
| 040 |
_aGCL / _cGCL |
||
| 082 | 0 | 4 |
_a658 _bB M |
| 100 | 1 | _aBRICKLEY, JAMES A. | |
| 245 | 1 | 0 |
_aMANAGERIAL ECONOMICS AND ORGANIZATIONAL ARCHITECTURE / _cBRICKLEY, JAMES A. |
| 700 | 1 | _aSMITH, CLIFFORD W. | |
| 700 | 1 | _aZIMMERMAN, JEROLD L. | |
| 260 |
_a[S.N] : _bIRWIN ، _c1997 |
||
| 300 | _a458 P | ||
| 650 | 0 | 4 | _aMANAGEMENT - ECONOMICS |
| 650 | 0 | 4 | _aORGANIZATIONAL EFFECTIVENESS |
| 942 |
_2ddc _cBK |
||
| 999 |
_c13083 _d13083 |
||